000 00471nam a2200181Ia 4500
001 11829
005 20260306162857.0
008 260306t2022||||xx |||||||||||||| ||spa||
041 _aESP
082 _aHR 200
_bJUL-SET 2022 PROYECCIÓN.2
110 _aFacultad de Teología de Granada
245 0 _aProyección:
_bteología y mundo actual
260 _c2022
300 _a248-357 páginas :
_c24 cm.
650 _aGEN
654 _aCHU
942 _cREV
_dJUS
_fJUS
_2ddc
_n
999 _c11829
_d11829